| 000 | 00465nam a22001817a 4500 | ||
|---|---|---|---|
| 005 | 20251108172201.0 | ||
| 008 | 250721s1988 xx 000 0 ara d | ||
| 082 | 1 | 4 | _aق/بيا |
| 100 | 1 | _aروفايل، بيار | |
| 245 | 1 | 0 | _aدموع العذارى / |
| 250 | _aط2 | ||
| 264 | 1 |
_aبيروت : _bدار الجيل، _c1988. |
|
| 300 | _a197ص | ||
| 650 | 1 | 7 | _aالأدب العربي |
| 650 | 1 | 7 | _aالروايات |
| 942 |
_2ddc _cBK |
||
| 999 |
_c72565 _d72565 |
||